000 00615nam a22001817a 4500
005 20251108173023.0
008 250721s2005 xx 000 0 ara d
082 1 4 _a380.029409565/دلي
100 1 _aمجموعة ازخمتعن الطلوزي،
245 1 0 _aالدليل التجاري الإستثماري الشامل لعام 2005 : دليل هاتف تجاري خدماتي /
264 1 _aعمان :
_bمجموعة ازخمعتن الطلوزي،
_c2005.
300 _a[60 ص]
650 1 7 _aالأدلة
650 1 7 _aالتجارة
650 1 7 _aالأردن
942 _2ddc
_cBK
999 _c94211
_d94211